000 00378nam a2200121Ia 4500
008 220616s9999||||xx |||||||||||||| ||und||
100 _aSvetlana P. Chapoval
245 0 _aDendritic Cells
546 _aEnglish[eng]
650 _aLife Sciences||Immunology||Genetics and Molecular Biology||Biochemistry
856 _uhttps://www.intechopen.com/books/dendritic-cells
942 _cEB
999 _c20734
_d20734